000 03794nam0a2200493 4500
001 RU\NLR\BIBL_A\012888409
005 20221130111235.0
010 _a978-5-6044545-9-6
_9500
021 _aRU
_bКН-П-22-047645
_9КН-П-22-4119
035 _a(NLR Aleph) 012888409
035 _a(RuMoRGB)011149809
090 _a12542975
_c12542975
100 _a20220914d2020 k y0rusy50 ca
101 0 _arus
102 _aRU
105 _aa z 000zy
181 0 _ai3
_baxxe
182 0 _an
200 1 _aСоциально-педагогические детерминанты развития двигательной активности растущего человека
_eмонография
_fБусловская Л. К., Волошина Л. Н., Гавришова Е. В. [и др.]
_gпод общей редакцией доктора педагогических наук, профессора Волошиной Л. Н. [и др.]
_gФГАОУ ВО "Белгородский государственный национальный исследовательский университет" (НИУ "БелГУ")
203 _aТекст
_bвизуальный
_cнепосредственный
210 _aБелгород
_cЛитературный караван
_d2020
215 _a165 с.
_cил., табл.
_d21
300 _aАвт. указаны на обороте тит. с.
300 _aНа 164-й с. авт.: Бусловская Л. К., д-р биол. наук, проф., Волошина Л. Н., д-р пед. наук, проф., Гавришова Е. В., канд. пед. наук, доц. [и др.]
320 _aБиблиогр. в конце разделов
330 _aB монографии представлены социально-педагогические детерминанты, культурно-преобразовательный характер двигательной активности растущего человека. Приводятся результаты исследований стимулирующего влияния социально-педагогических детерминант на двигательную активность дошкольников и младших школьников. Монография представляет интерес для аспирантов, студентов, преподавателей педагогических вузов и педагогов, работающих в сфере дошкольного и начального общего образования
606 1 _aДошкольники
_xФизическое воспитание
_91157227
_3RU\NLR\AUTH\66462627
606 1 _aДети младшего школьного возраста
_xФизическое воспитание
_92550209
_3RU\NLR\AUTH\661509113
606 1 _aДети
_xДвигательная активность
_92245601
_3RU\NLR\AUTH\661347222
675 _a373.3.037.1
_v4
686 1 _aЧ411.354
686 1 _aЧ421.354,01
686 1 _aР731.15
701 1 _aБусловская
_bЛ. К.
_gЛюдмила Константиновна
701 1 _aВолошина
_bЛ. Н.
_gЛюдмила Николаевна
701 1 _aГавришова
_bЕ. В.
_gЕлена Владимировна
702 1 _aВолошина
_bЛ. Н.
_gЛюдмила Николаевна
_4340
712 0 2 _4570
_aБелгородский государственный национальный исследовательский университет
_9283545
_3RU\NLR\AUTH\8810197260
942 _cBOOK
980 _aNBR
980 _aNB